| 000 | 00687nam a2200217Ii 4500 | ||
|---|---|---|---|
| 001 | 4790 | ||
| 003 | CO-ViMGA | ||
| 008 | 241108s9999||||xx |||||||||||||| ||und|| | ||
| 020 | _a978958883359 | ||
| 040 |
_aCO-ViMGA _bspa _erda _cCO-ViMGA |
||
| 041 | 0 | _aspa | |
| 084 | _aN LAC1t | ||
| 100 | 1 |
_aNina LaCour _950831 |
|
| 245 | 1 | 0 |
_aTodo me lleva a ti : _ba veces Hollywood te permite vivir un amor enigmático... de verdad |
| 264 | 1 | _aBogotá, Colombia : Penguin Random House grupo editorial, 2015 | |
| 300 | _avolumen | ||
| 336 |
_atext _btxt _2rdacontent |
||
| 337 |
_aunmediated _bn _2rdamedia |
||
| 338 |
_avolume _bnc _2rdacarrier |
||
| 940 | _aidficha_siabuc: 4666. -- ficha_no_siabuc:4790 | ||
| 999 |
_c45524 _d45524 |
||